[Event "Kavala op 23rd"]
[Site "Kavala"]
[Date "2014.08.02"]
[Round "1"]
[White "Codenotti, Marco"]
[Black "Alexiadis, Christos"]
[Result "1-0"]
[WhiteElo "2346"]
[BlackElo "2020"]
[PlyCount "43"]
[EventDate "2014.08.02"]
[EventType "swiss"]
[EventRounds "9"]
[EventCountry "GRE"]
[SourceTitle "CBM 161 Extra"]
[Source "ChessBase"]
[SourceDate "2014.08.29"]
[SourceVersion "1"]
[SourceVersionDate "2014.08.29"]
[SourceQuality "1"]

1. e4 c5 2. Nf3 d6 3. d4 Nf6 4. Nc3 cxd4 5. Nxd4 a6 6. h3 e6 7. g4 d5 8. exd5 Nxd5 9. Nde2 Bb4 10. Bg2 Nc6 11. 0-0 Nxc3 12. Nxc3 0-0 13. Na4 Qc7 14. Be3 b5 15. Nb6 Rb8 16. Nxc8 Rfxc8 17. c3 Bd6 18. a4 Bf4 19. axb5 axb5 20. Ra6 Nd8 21. Ba7 Ra8 22. Bb6 1-0

[Event "Heraklio op 16th"]
[Site "Athens"]
[Date "2013.06.20"]
[Round "5"]
[White "Alexiadis, Christos"]
[Black "Kourkoulos Arditis, Stamatis"]
[Result "0-1"]
[WhiteElo "1964"]
[BlackElo "2171"]
[PlyCount "54"]
[EventDate "2013.06.16"]
[EventType "swiss"]
[EventRounds "9"]
[EventCountry "GRE"]
[SourceTitle "CBM 155 Extra"]
[Source "ChessBase"]
[SourceDate "2013.08.26"]
[SourceVersion "1"]
[SourceVersionDate "2013.08.26"]
[SourceQuality "1"]

1. e4 c5 2. Nf3 e6 3. d4 cxd4 4. Nxd4 Nc6 5. Nc3 Qc7 6. g3 a6 7. Bg2 Nf6 8. 0-0 Be7 9. Re1 0-0 10. Nxc6 dxc6 11. b3 Rd8 12. Qe2 e5 13. h3 b5 14. Bb2 b4 15. Nd1 a5 16. a4 Ba6 17. Qf3 Rd2 18. Ra2 Bc5 19. Ne3 Rad8 20. Bc1 Bxe3 21. Qxe3 Rd1 22. Bf3 Rxe1+ 23. Qxe1 c5 24. c4 bxc3 25. Qxc3 Rd3 26. Qe1 Rxf3 27. Qd1 Rd3 0-1

[Event "Heraklio op 16th"]
[Site "Athens"]
[Date "2013.06.19"]
[Round "4"]
[White "Karousos Theodorakis, Nikolaos"]
[Black "Alexiadis, Christos"]
[Result "0-1"]
[WhiteElo "1669"]
[BlackElo "1964"]
[PlyCount "64"]
[EventDate "2013.06.16"]
[EventType "swiss"]
[EventRounds "9"]
[EventCountry "GRE"]
[SourceTitle "CBM 155 Extra"]
[Source "ChessBase"]
[SourceDate "2013.08.26"]
[SourceVersion "1"]
[SourceVersionDate "2013.08.26"]
[SourceQuality "1"]

1. e4 c5 2. Nf3 Nc6 3. d4 cxd4 4. Nxd4 Nf6 5. Nc3 e5 6. Ndb5 d6 7. Bg5 a6 8. Na3 b5 9. Nd5 Be7 10. Bxf6 Bxf6 11. c4 Nd4 12. cxb5 Bb7 13. bxa6 Bxd5 14. exd5 Qb6 15. Qa4+ Ke7 16. Nc4 Qc5 17. Bd3 Rhb8 18. Qa3 Rb4 19. Ne3 e4 20. Bxe4 Nb5 21. Qd3 Bxb2 22. Nf5+ Kf8 23. 0-0 Bxa1 24. Rxa1 Qc3 25. Qxc3 Nxc3 26. Bd3 Nxd5 27. Nxd6 Nc7 28. Re1 Rd8 29. a3 Rxd6 30. axb4 Rxd3 31. a7 Ra3 32. g3 Rxa7 0-1

[Event "Wch U20 51st"]
[Site "Athens"]
[Date "2012.08.06"]
[Round "5"]
[White "Alexiadis, Christos"]
[Black "Michelakos, Panagiotis"]
[Result "0-1"]
[WhiteElo "1769"]
[BlackElo "2185"]
[PlyCount "86"]
[EventDate "2012.08.02"]
[EventType "swiss"]
[EventRounds "13"]
[EventCountry "GRE"]
[SourceTitle "CBM 149 Extra"]
[Source "ChessBase"]
[SourceDate "2012.08.24"]
[SourceVersion "1"]
[SourceVersionDate "2012.08.24"]
[SourceQuality "1"]

1. e4 c5 2. Nf3 Nc6 3. d4 cxd4 4. Nxd4 g6 5. c4 Bg7 6. Be3 Nf6 7. Nc3 0-0 8. Be2 d6 9. 0-0 Bd7 10. Re1 Rc8 11. Rc1 a6 12. f3 Nxd4 13. Bxd4 Bc6 14. Nd5 Bxd5 15. cxd5 Rxc1 16. Qxc1 Nxe4 17. Be3 Nf6 18. Qd2 Qd7 19. Rc1 Rc8 20. Rxc8+ Qxc8 21. Kf1 h5 22. a4 Qf5 23. Bc4 Qb1+ 24. Kf2 Qf5 25. Ke2 Qe5 26. g3 Nd7 27. b4 Qa1 28. Bb3 Bc3 29. Qc1 Qxc1 30. Bxc1 Bxb4 31. f4 Bc5 32. Bb2 Kf8 33. Kf3 b5 34. axb5 axb5 35. h3 Nb6 36. g4 hxg4+ 37. Kxg4 f6 38. h4 Nc4 39. Bc1 f5+ 40. Kg5 Kf7 41. Bc2 Be3 42. Bxe3 Nxe3 43. Bd3 b4 0-1

[Event "Petroupoli op 4th"]
[Site "Petroupoli"]
[Date "2012.05.02"]
[Round "2"]
[White "Alexiadis, Christos"]
[Black "Panagiotakos, Nikolaos"]
[Result "0-1"]
[WhiteElo "1717"]
[BlackElo "2152"]
[PlyCount "102"]
[EventDate "2012.04.28"]
[EventType "swiss"]
[EventRounds "7"]
[EventCountry "GRE"]
[SourceTitle "CBM 148 Extra"]
[Source "ChessBase"]
[SourceDate "2012.06.22"]
[SourceVersion "1"]
[SourceVersionDate "2012.06.22"]
[SourceQuality "1"]

1. e4 e5 2. Nf3 Nc6 3. Bb5 a6 4. Ba4 Nf6 5. Qe2 b5 6. Bb3 Be7 7. 0-0 0-0 8. c3 d6 9. d4 Bg4 10. Rd1 exd4 11. cxd4 d5 12. e5 Ne4 13. Nc3 Nxc3 14. bxc3 f6 15. h3 Bh5 16. g4 Bf7 17. e6 Bg6 18. Bf4 Na5 19. Nh4 Nxb3 20. axb3 f5 21. Nxg6 hxg6 22. Be5 Bd6 23. c4 c6 24. Re1 Re8 25. cxd5 cxd5 26. Qf3 Bb4 27. Re2 Rxe6 28. gxf5 gxf5 29. Qxf5 Qe8 30. Qf3 Qf7 31. Qxf7+ Kxf7 32. f4 Bc3 33. Rc1 Bxd4+ 34. Kg2 Bxe5 35. fxe5 Rae8 36. Rf1+ Kg6 37. Rfe1 Kf5 38. Rf1+ Kg5 39. Rfe1 a5 40. Rd2 Rxe5 41. Rxd5 Rxd5 42. Rxe8 Rd2+ 43. Kg1 Kf4 44. Re6 Rb2 45. Ra6 Rxb3 46. Rxa5 Kg3 47. Kf1 Kxh3 48. Ra6 g5 49. Kf2 Rb2+ 50. Kf3 g4+ 51. Kf4 Rb4+ 0-1

[Event "Petroupoli op"]
[Site "Petroupoli"]
[Date "2012.02.04"]
[Round "7"]
[White "Grigoriadis, Mihail"]
[Black "Alexiadis, Christos"]
[Result "1/2-1/2"]
[WhiteElo "1775"]
[BlackElo "1691"]
[PlyCount "113"]
[EventDate "2012.01.14"]
[EventType "swiss"]
[EventRounds "7"]
[EventCountry "GRE"]
[SourceTitle "EXT 2013"]
[Source "ChessBase"]
[SourceDate "2012.11.22"]
[SourceVersion "1"]
[SourceVersionDate "2012.11.22"]
[SourceQuality "1"]

1. d4 Nf6 2. c4 e6 3. Nc3 Bb4 4. e3 0-0 5. Bd3 d5 6. Nge2 c5 7. a3 cxd4 8. exd4 dxc4 9. Bxc4 Bd6 10. Nb5 Nc6 11. Nxd6 Qxd6 12. Bf4 Qe7 13. 0-0 Rd8 14. Bd3 Nd5 15. Bg3 Bd7 16. Re1 Rac8 17. Nc3 Nxc3 18. bxc3 Qg5 19. Re3 h6 20. h4 Qa5 21. Bf4 e5 22. dxe5 Bf5 23. Qe2 Bxd3 24. Rxd3 Rxd3 25. Qxd3 Nxe5 26. Bxe5 Qxe5 27. Rc1 Qf4 28. Rb1 Qxh4 29. Rxb7 Re8 30. Rb1 Rd8 31. Qc2 Qh5 32. c4 Qc5 33. Qc3 Rd4 34. Rc1 Rh4 35. g3 Rh3 36. Qf3 Rh5 37. Rc3 Rf5 38. Qe3 Kf8 39. Qxc5+ Rxc5 40. Kf1 Ke7 41. Ke2 Kd6 42. Ke3 h5 43. Kd4 g5 44. f4 h4 45. gxh4 gxh4 46. Rh3 Rh5 47. a4 f6 48. a5 Kc6 49. Kc3 Kc5 50. Kb3 f5 51. Kc3 Rh8 52. Kd3 a6 53. Kc3 Rh5 54. Kd3 Rh7 55. Kc3 Rh6 56. Kd3 Rh8 57. Kc3 1/2-1/2

[Event "Petroupoli op"]
[Site "Petroupoli"]
[Date "2012.01.14"]
[Round "1"]
[White "Alexiadis, Christos"]
[Black "Fanos, Haralambos"]
[Result "1-0"]
[WhiteElo "1691"]
[BlackElo "1055"]
[PlyCount "49"]
[EventDate "2012.01.14"]
[EventType "swiss"]
[EventRounds "7"]
[EventCountry "GRE"]
[SourceTitle "EXT 2013"]
[Source "ChessBase"]
[SourceDate "2012.11.22"]
[SourceVersion "1"]
[SourceVersionDate "2012.11.22"]
[SourceQuality "1"]

1. e4 c5 2. Nf3 d6 3. d4 cxd4 4. Nxd4 Nf6 5. Nc3 a6 6. Be3 e6 7. g4 e5 8. Nf5 g6 9. g5 gxf5 10. exf5 Bxf5 11. gxf6 Qxf6 12. Nd5 Qd8 13. Bb6 Qh4 14. Nc7+ Kd7 15. Nxa8 Qe4+ 16. Qe2 Qxh1 17. 0-0-0 Bh6+ 18. Kb1 Nc6 19. Bh3 Qxh2 20. Bxf5+ Ke7 21. Qd3 Nd4 22. Bxd4 exd4 23. Qxd4 Rxa8 24. Re1+ Kd8 25. Qb6# 1-0

[Event "GRE-ch U18"]
[Site "Nikaia"]
[Date "2012.01.05"]
[Round "4"]
[White "Alexiadis, Christos"]
[Black "Pavlidis, Pavlos"]
[Result "1-0"]
[WhiteElo "1691"]
[BlackElo "1384"]
[PlyCount "93"]
[EventDate "2012.01.03"]
[EventType "swiss"]
[EventRounds "9"]
[EventCountry "GRE"]
[SourceTitle "CBM 146 Extra"]
[Source "ChessBase"]
[SourceDate "2012.02.29"]
[SourceVersion "1"]
[SourceVersionDate "2012.02.29"]
[SourceQuality "1"]

1. Nf3 d5 2. d4 Nf6 3. c4 e6 4. g3 Be7 5. Bg2 0-0 6. 0-0 b6 7. Nc3 Bb7 8. Ne5 h6 9. Bf4 Nbd7 10. Nb5 Bd6 11. Nxd7 Qxd7 12. Nxd6 cxd6 13. cxd5 Bxd5 14. f3 Rad8 15. e4 Bc6 16. Rc1 Rfe8 17. Rf2 e5 18. Be3 d5 19. dxe5 Rxe5 20. Bf4 Ree8 21. Rfc2 dxe4 22. Qxd7 Bxd7 23. fxe4 Nxe4 24. Rc7 g5 25. Be3 Nxg3 26. hxg3 Rxe3 27. Rd1 Rxg3 28. Rdxd7 Rxd7 29. Rxd7 Re3 30. Kf2 Re5 31. Rxa7 Rc5 32. Ke3 Rc2 33. Bd5 Rxb2 34. Rxf7 Kh8 35. Bb3 Rb1 36. Rf6 Kg7 37. Rxb6 Re1+ 38. Kf2 Re7 39. a4 h5 40. a5 Re8 41. a6 h4 42. a7 Ra8 43. Ra6 g4 44. Bd5 Rf8+ 45. Kg1 Rc8 46. a8Q Rc1+ 47. Kf2 1-0

[Event "Petroupoli op 7th"]
[Site "Petroupoli"]
[Date "2011.11.23"]
[Round "4"]
[White "Christodoulaki, Antonia"]
[Black "Alexiadis, Christos"]
[Result "1-0"]
[WhiteElo "1886"]
[BlackElo "1643"]
[PlyCount "67"]
[EventDate "2011.11.12"]
[EventType "swiss"]
[EventRounds "7"]
[EventCountry "GRE"]
[SourceTitle "EXT 2013"]
[Source "ChessBase"]
[SourceDate "2012.11.22"]
[SourceVersion "1"]
[SourceVersionDate "2012.11.22"]
[SourceQuality "1"]

1. c4 c5 2. Nc3 Nc6 3. Nf3 d6 4. g3 e5 5. Bg2 g6 6. 0-0 Bg7 7. d3 Nge7 8. Ne1 f5 9. Rb1 Be6 10. Nd5 Bxd5 11. cxd5 Nb8 12. e4 Nd7 13. Be3 0-0 14. Qc1 Rc8 15. Nf3 Re8 16. b3 b5 17. Bh3 Nf6 18. Ng5 Qa5 19. Rb2 Rb8 20. f3 Rec8 21. Rc2 b4 22. Ne6 Qa6 23. Qd1 Rb5 24. Rff2 Ra5 25. Nxg7 Kxg7 26. Bc1 Rf8 27. Qd2 Nfg8 28. f4 fxe4 29. dxe4 Nc8 30. Be6 Qb7 31. fxe5 Rxf2 32. Qxf2 dxe5 33. Rxc5 Ra6 34. Bxc8 1-0

[Event "Petroupoli op 6th"]
[Site "Petroupoli"]
[Date "2011.11.05"]
[Round "7"]
[White "Alexiadis, Christos"]
[Black "Nemtsas, Hristoforos"]
[Result "1-0"]
[WhiteElo "1624"]
[BlackElo "1863"]
[PlyCount "111"]
[EventDate "2011.10.15"]
[EventType "swiss"]
[EventRounds "7"]
[EventCountry "GRE"]
[SourceTitle "EXT 2013"]
[Source "ChessBase"]
[SourceDate "2012.11.22"]
[SourceVersion "1"]
[SourceVersionDate "2012.11.22"]
[SourceQuality "1"]

1. e4 c5 2. Nf3 d6 3. d4 Nf6 4. Nc3 cxd4 5. Nxd4 a6 6. Be3 e5 7. Nb3 Be6 8. f3 Nbd7 9. Qd2 b5 10. 0-0-0 Rc8 11. g4 Nb6 12. Kb1 Be7 13. g5 Nh5 14. h4 Ng3 15. Bxb6 Qxb6 16. Rg1 Nxf1 17. Rdxf1 0-0 18. h5 g6 19. Nd5 Qd8 20. Na5 Bxd5 21. exd5 Qd7 22. Nc6 Bd8 23. f4 f6 24. hxg6 hxg6 25. gxf6 Rxf6 26. fxe5 Rxf1+ 27. Rxf1 dxe5 28. Nxe5 Qd6 29. Qf4 Rc7 30. Nxg6 Qxf4 31. Nxf4 Rd7 32. b3 b4 33. a3 a5 34. Nd3 Be7 35. axb4 axb4 36. Rg1+ Kf8 37. Rf1+ Ke8 38. Re1 Kd8 39. Ne5 Bh4 40. Rh1 Rxd5 41. Nf7+ Ke7 42. Rxh4 Kxf7 43. Rxb4 Ke6 44. Kb2 Kd6 45. Rc4 Rb5 46. b4 Kd5 47. Rc5+ Rxc5 48. bxc5 Kxc5 49. Kc3 Kd5 50. Kb4 Kc6 51. Kc4 Kc7 52. Kc5 Kd7 53. Kb6 Kc8 54. Kc6 Kb8 55. c4 Kc8 56. c5 1-0

[Event "Petroupoli op 6th"]
[Site "Petroupoli"]
[Date "2011.10.19"]
[Round "2"]
[White "Christodoulaki, Antonia"]
[Black "Alexiadis, Christos"]
[Result "1-0"]
[WhiteElo "1883"]
[BlackElo "1624"]
[PlyCount "87"]
[EventDate "2011.10.15"]
[EventType "swiss"]
[EventRounds "7"]
[EventCountry "GRE"]
[SourceTitle "EXT 2013"]
[Source "ChessBase"]
[SourceDate "2012.11.22"]
[SourceVersion "1"]
[SourceVersionDate "2012.11.22"]
[SourceQuality "1"]

1. c4 e5 2. a3 Nf6 3. Nf3 e4 4. Nd4 Nc6 5. Nc2 Bc5 6. Nc3 a5 7. g3 0-0 8. Bg2 Re8 9. 0-0 d6 10. Ne3 Nd4 11. Rb1 Nf5 12. b4 axb4 13. axb4 Nxe3 14. fxe3 Ba7 15. Qc2 Bg4 16. Nxe4 Bxe2 17. Nxf6+ gxf6 18. Re1 Bh5 19. Bxb7 Bg6 20. d3 Rb8 21. Bc6 Re5 22. Ra1 Bd4 23. Rb1 Qe7 24. Qd2 Rb6 25. Bf3 Rb8 26. Bc6 Rb6 27. Be4 Bxe4 28. exd4 Bg6 29. dxe5 fxe5 30. Bb2 Qd7 31. Ra1 Rb8 32. Ra7 Qc6 33. Re3 Qb6 34. Ra4 Qc6 35. b5 Qb6 36. Qf2 Re8 37. Rf3 Qb7 38. Ra7 Qc8 39. b6 cxb6 40. Rfxf7 Qg4 41. Rg7+ Kh8 42. Rxh7+ Bxh7 43. Qf6+ Kg8 44. Qf7+ 1-0

[Event "Attica-ch U08/20"]
[Site "Athens"]
[Date "2009.12.23"]
[Round "1"]
[White "Kouskoutis, Georgios Alexandros"]
[Black "Alexiadis, Christos"]
[Result "0-1"]
[WhiteElo "1650"]
[BlackElo "1020"]
[PlyCount "114"]
[EventDate "2009.12.23"]
[EventType "swiss"]
[EventRounds "7"]
[EventCountry "GRE"]
[SourceTitle "EXT 2011"]
[Source "ChessBase"]
[SourceDate "2010.11.26"]
[SourceVersion "1"]
[SourceVersionDate "2010.11.26"]
[SourceQuality "1"]

1. e4 c5 2. Nf3 d6 3. d4 cxd4 4. Nxd4 Nf6 5. Nc3 a6 6. Be2 e5 7. Nb3 Be7 8. Be3 Be6 9. Nd5 Nxd5 10. exd5 Bf5 11. 0-0 0-0 12. f4 Be4 13. f5 Bg5 14. Qd2 Bxe3+ 15. Qxe3 Bxd5 16. c4 Bc6 17. Qg3 Nd7 18. Rad1 Nf6 19. c5 Ne4 20. Qh3 Ng5 21. Qg4 Ne4 22. cxd6 Qb6+ 23. Kh1 Nf2+ 24. Rxf2 Qxf2 25. Rf1 h5 26. Qxg7+ Kxg7 27. Rxf2 Rad8 28. Bxh5 Rxd6 29. Kg1 Rh8 30. Be2 Rf6 31. h3 Be4 32. Bg4 Rc8 33. Nd2 Bd3 34. Rf3 Be2 35. Re3 Bxg4 36. hxg4 Rc2 37. Nf3 Rxb2 38. Rxe5 Rxa2 39. g5 Rb6 40. Kh2 Rbb2 41. Nh4 Re2 42. f6+ Kf8 43. Rc5 Rac2 44. Rd5 b5 45. Rd7 b4 46. g6 fxg6 47. Nxg6+ Ke8 48. f7+ Kxd7 49. f8Q Rxg2+ 50. Kh3 Rh2+ 51. Kg4 Rcg2+ 52. Kf3 Rf2+ 53. Kg3 Rxf8 54. Nxf8+ Kd6 55. Kxh2 b3 56. Kg3 b2 57. Ng6 b1Q 0-1